| 000 | 00364nam a2200145Ia 4500 | ||
|---|---|---|---|
| 008 | 230917s9999||||xx |||||||||||||| ||und|| | ||
| 040 |
_e139060 _aMAIN |
||
| 041 | _aEnglish | ||
| 082 | _a823.7 E44S | ||
| 100 | _aEliot, George | ||
| 245 | 0 | _aSilas Marner: The lifted veil brother Jacob poems | |
| 260 |
_aLondon _bCollins _c1961 |
||
| 300 | _a288 p. | ||
| 942 | _cBK | ||
| 999 |
_c42514 _d42514 |
||